| 000 | 01353cam a22003977a 4500 | ||
|---|---|---|---|
| 001 | 000078474 | ||
| 003 | CHAP | ||
| 005 | 20220817043442.0 | ||
| 008 | 980604d1997 mx r 00110 spa d | ||
| 010 | _a75709 | ||
| 011 | _a76681 | ||
| 020 | _a968884439X | ||
| 035 | _a86267 | ||
| 040 | _cCHAP | ||
| 090 | _aFolleto 15162 | ||
| 100 | 0 | 0 |
_aCastillejos Peral, Patricia. _920068 |
| 245 | 1 | 0 |
_aPese a todo la noche es una fiesta : _brelatos y cuentos / _c/por Patricia Castillejos Peral. |
| 260 |
_aChapingo, Méx. : _bUACH. Dirección de Difusión Cultural, _c1997. |
||
| 300 | _a80 p. | ||
| 410 | 2 | 1 | _aUACH. Dirección de Difusión Cultural |
| 490 | 1 | _aLiteratura | |
| 590 |
_aBATCH-UPD _b10 _c20130110 _lUCH01 _h0945 |
||
| 590 |
_aCONVERSION _b10 _c20130109 _lUCH01 _h1341 |
||
| 590 |
_aE5995AHE _b05 _c20150212 _lUCH01 _h1413 |
||
| 650 | 1 | 4 |
_aCuentos. _930096 |
| 810 | 2 | 1 | _aUACH. Dirección de Difusión Cultural |
| 830 | 0 |
_aLiteratura _967114 |
|
| 901 | _aBK | ||
| 905 | _aLilia Sánchez G. | ||
| 942 | _cFOLL | ||
| 942 | _n0 | ||
| 949 |
_aFolleto 15162 _bBC _cFOLL _d862671 _eTS1 _i86267 _kDonaciØn _sb |
||
| 949 |
_aFolleto 15162 _bBC _cFOLL _d862672 _eTS2 _fc. 2 _i86267 _kDonaciØn _sb |
||
| 949 |
_aFolleto 15162 _bBC _cFOLL _d862673 _eTS2 _fc. 3 _i86267 _kDonaciØn _si |
||
| 949 |
_aFolleto 15162 _bBC _cUACH _d862674 _eUACH _fc. 4 _i86267 _kDonaciØn _sb |
||
| 999 |
_c75709 _d75709 |
||